000
00290nam a2200133Ia 4500
008
231017s9999 xx 000 0 und d
082
_a
624.183
082
_b
ACI
245
0
_a
Specifications for structural concrete
245
0
_c
ACI
260
_b
ACI
300
_c
30cm
942
_c
REP
999
_c
605680
_d
605680